000
00304nam a22001097a 4500
008
240712b |||||||| |||| 00| 0 eng d
100
_a
Prabdas, Brahamchari
_9
16986
245
_a
Bhaj Gobind
260
_a
Ajmer:
_b
Atam Darshan;
_c
1968.
300
_a
107p.
942
_c
BK
999
_c
40165
_d
40165